<?xml version="1.0" encoding="UTF-8"?>
<record
    xmlns:xsi="http://www.w3.org/2001/XMLSchema-instance"
    xsi:schemaLocation="http://www.loc.gov/MARC21/slim http://www.loc.gov/standards/marcxml/schema/MARC21slim.xsd"
    xmlns="http://www.loc.gov/MARC21/slim">

  <leader>01891nam a22003617a 4500</leader>
  <datafield tag="952" ind1=" " ind2=" ">
    <subfield code="0">0</subfield>
    <subfield code="1">0</subfield>
    <subfield code="4">0</subfield>
    <subfield code="7">0</subfield>
    <subfield code="a">18</subfield>
    <subfield code="b">18</subfield>
    <subfield code="d">2013-09-25</subfield>
    <subfield code="l">1</subfield>
    <subfield code="o">HB139 G8518 2010</subfield>
    <subfield code="p">18 001704</subfield>
    <subfield code="r">2019-07-22</subfield>
    <subfield code="s">2019-07-22</subfield>
    <subfield code="t">1</subfield>
    <subfield code="w">2013-09-25</subfield>
    <subfield code="y">LB</subfield>
  </datafield>
  <datafield tag="952" ind1=" " ind2=" ">
    <subfield code="0">0</subfield>
    <subfield code="1">0</subfield>
    <subfield code="4">0</subfield>
    <subfield code="7">0</subfield>
    <subfield code="a">22</subfield>
    <subfield code="b">22</subfield>
    <subfield code="d">2014-01-06</subfield>
    <subfield code="l">1</subfield>
    <subfield code="o">HB139 G82</subfield>
    <subfield code="p">22 000153</subfield>
    <subfield code="r">2018-07-10</subfield>
    <subfield code="s">2018-07-09</subfield>
    <subfield code="t">1</subfield>
    <subfield code="w">2014-01-06</subfield>
    <subfield code="y">LB</subfield>
  </datafield>
  <datafield tag="952" ind1=" " ind2=" ">
    <subfield code="0">0</subfield>
    <subfield code="1">0</subfield>
    <subfield code="4">0</subfield>
    <subfield code="7">0</subfield>
    <subfield code="a">22</subfield>
    <subfield code="b">22</subfield>
    <subfield code="d">2014-05-28</subfield>
    <subfield code="l">1</subfield>
    <subfield code="o">HB139 G82</subfield>
    <subfield code="p">22 000424</subfield>
    <subfield code="r">2018-07-10</subfield>
    <subfield code="s">2018-07-09</subfield>
    <subfield code="t">2</subfield>
    <subfield code="w">2014-05-28</subfield>
    <subfield code="y">LB</subfield>
  </datafield>
  <datafield tag="952" ind1=" " ind2=" ">
    <subfield code="0">0</subfield>
    <subfield code="1">0</subfield>
    <subfield code="4">0</subfield>
    <subfield code="7">0</subfield>
    <subfield code="a">03</subfield>
    <subfield code="b">03</subfield>
    <subfield code="d">2014-10-03</subfield>
    <subfield code="l">2</subfield>
    <subfield code="o">HB139 G85 2010</subfield>
    <subfield code="p">03 007364</subfield>
    <subfield code="r">2017-04-27</subfield>
    <subfield code="s">2017-04-27</subfield>
    <subfield code="t">1</subfield>
    <subfield code="w">2014-10-03</subfield>
    <subfield code="y">LB</subfield>
  </datafield>
  <datafield tag="952" ind1=" " ind2=" ">
    <subfield code="0">0</subfield>
    <subfield code="1">0</subfield>
    <subfield code="2">lcc</subfield>
    <subfield code="4">0</subfield>
    <subfield code="7">0</subfield>
    <subfield code="a">04</subfield>
    <subfield code="b">04</subfield>
    <subfield code="d">2014-12-09</subfield>
    <subfield code="l">0</subfield>
    <subfield code="o">HB139 G8518 2010</subfield>
    <subfield code="p">04 004700</subfield>
    <subfield code="r">2014-12-09</subfield>
    <subfield code="t">1</subfield>
    <subfield code="w">2014-12-09</subfield>
    <subfield code="y">LB</subfield>
  </datafield>
  <datafield tag="952" ind1=" " ind2=" ">
    <subfield code="0">0</subfield>
    <subfield code="1">0</subfield>
    <subfield code="2">lcc</subfield>
    <subfield code="4">0</subfield>
    <subfield code="7">0</subfield>
    <subfield code="a">04</subfield>
    <subfield code="b">04</subfield>
    <subfield code="d">2015-02-07</subfield>
    <subfield code="l">0</subfield>
    <subfield code="o">HB139 G8518 2010</subfield>
    <subfield code="p">04 004956</subfield>
    <subfield code="r">2015-02-07</subfield>
    <subfield code="t">2</subfield>
    <subfield code="w">2015-02-07</subfield>
    <subfield code="y">LB</subfield>
  </datafield>
  <datafield tag="952" ind1=" " ind2=" ">
    <subfield code="0">0</subfield>
    <subfield code="1">0</subfield>
    <subfield code="2">lcc</subfield>
    <subfield code="4">0</subfield>
    <subfield code="7">0</subfield>
    <subfield code="a">14</subfield>
    <subfield code="b">14</subfield>
    <subfield code="d">2014-05-30</subfield>
    <subfield code="l">2</subfield>
    <subfield code="o">HB139  G8518  2010</subfield>
    <subfield code="p">14 005830</subfield>
    <subfield code="r">2015-08-10</subfield>
    <subfield code="s">2015-08-10</subfield>
    <subfield code="t">1</subfield>
    <subfield code="w">2015-05-22</subfield>
    <subfield code="y">LB</subfield>
  </datafield>
  <datafield tag="952" ind1=" " ind2=" ">
    <subfield code="0">0</subfield>
    <subfield code="1">0</subfield>
    <subfield code="2">lcc</subfield>
    <subfield code="4">0</subfield>
    <subfield code="7">0</subfield>
    <subfield code="a">12</subfield>
    <subfield code="b">12</subfield>
    <subfield code="d">2015-06-03</subfield>
    <subfield code="l">5</subfield>
    <subfield code="o">HB139 G8518 2010</subfield>
    <subfield code="p">12 001987</subfield>
    <subfield code="r">2019-08-22</subfield>
    <subfield code="s">2019-08-22</subfield>
    <subfield code="t">1</subfield>
    <subfield code="w">2015-06-03</subfield>
    <subfield code="y">LB</subfield>
  </datafield>
  <datafield tag="952" ind1=" " ind2=" ">
    <subfield code="0">0</subfield>
    <subfield code="1">0</subfield>
    <subfield code="2">lcc</subfield>
    <subfield code="4">0</subfield>
    <subfield code="7">0</subfield>
    <subfield code="a">07</subfield>
    <subfield code="b">07</subfield>
    <subfield code="d">2015-07-16</subfield>
    <subfield code="l">0</subfield>
    <subfield code="o">HB139 G82 2010</subfield>
    <subfield code="p">07 005245</subfield>
    <subfield code="r">2015-07-16</subfield>
    <subfield code="t">1</subfield>
    <subfield code="w">2015-07-16</subfield>
    <subfield code="y">LB</subfield>
  </datafield>
  <datafield tag="952" ind1=" " ind2=" ">
    <subfield code="0">0</subfield>
    <subfield code="1">0</subfield>
    <subfield code="2">lcc</subfield>
    <subfield code="4">0</subfield>
    <subfield code="7">0</subfield>
    <subfield code="a">12</subfield>
    <subfield code="b">12</subfield>
    <subfield code="d">2016-04-11</subfield>
    <subfield code="l">1</subfield>
    <subfield code="o">HB139 G8518 2010</subfield>
    <subfield code="p">12 004084</subfield>
    <subfield code="r">2018-05-12</subfield>
    <subfield code="s">2018-05-12</subfield>
    <subfield code="t">2</subfield>
    <subfield code="w">2016-04-11</subfield>
    <subfield code="y">LB</subfield>
  </datafield>
  <datafield tag="952" ind1=" " ind2=" ">
    <subfield code="0">0</subfield>
    <subfield code="1">0</subfield>
    <subfield code="2">lcc</subfield>
    <subfield code="4">0</subfield>
    <subfield code="7">0</subfield>
    <subfield code="a">13</subfield>
    <subfield code="b">13</subfield>
    <subfield code="d">2016-09-12</subfield>
    <subfield code="l">0</subfield>
    <subfield code="o">HB139 G85 2010</subfield>
    <subfield code="p">13 004286</subfield>
    <subfield code="r">2016-09-12</subfield>
    <subfield code="t">1</subfield>
    <subfield code="w">2016-09-12</subfield>
    <subfield code="y">LB</subfield>
  </datafield>
  <datafield tag="999" ind1=" " ind2=" ">
    <subfield code="c">94449</subfield>
    <subfield code="d">94449</subfield>
  </datafield>
  <controlfield tag="008">130925s2010    mx ad         001 0 spa d</controlfield>
  <datafield tag="020" ind1=" " ind2=" ">
    <subfield code="a">9786071502940</subfield>
  </datafield>
  <datafield tag="050" ind1="0" ind2="4">
    <subfield code="a">HB139 </subfield>
    <subfield code="b">G85 2010</subfield>
  </datafield>
  <datafield tag="100" ind1=" " ind2=" ">
    <subfield code="a">Gujarati, Damodar</subfield>
    <subfield code="e">autor</subfield>
  </datafield>
  <datafield tag="240" ind1=" " ind2=" ">
    <subfield code="a">Basic econometrics</subfield>
    <subfield code="l">espa&#xF1;ol</subfield>
  </datafield>
  <datafield tag="245" ind1="1" ind2="0">
    <subfield code="a">Econometr&#xED;a</subfield>
    <subfield code="c"> / Damodar N. Gujarati </subfield>
  </datafield>
  <datafield tag="250" ind1=" " ind2=" ">
    <subfield code="a">5a edici&#xF3;n</subfield>
  </datafield>
  <datafield tag="260" ind1="3" ind2=" ">
    <subfield code="a">M&#xE9;xico </subfield>
    <subfield code="b"> : Mc Graw Hill Interamericana</subfield>
    <subfield code="c">, 2010</subfield>
  </datafield>
  <datafield tag="300" ind1=" " ind2=" ">
    <subfield code="a">xxii, 921 p&#xE1;ginas </subfield>
    <subfield code="b"> : ilustraciones, gr&#xE1;ficas</subfield>
  </datafield>
  <datafield tag="500" ind1="2" ind2="0">
    <subfield code="a">Incluye: &#xED;ndice de nombres (pp.905-921)</subfield>
  </datafield>
  <datafield tag="504" ind1=" " ind2=" ">
    <subfield code="a">Bibliograf&#xED;a (pp.902-903)</subfield>
  </datafield>
  <datafield tag="505" ind1=" " ind2=" ">
    <subfield code="a">Modelos de regresi&#xF3;n uniecuacionales
Flexibilizaci&#xF3;n de los supuestos del modelo cl&#xE1;sico
Temas de econometr&#xED;a
Modelos de ecuaciones simult&#xE1;neas y econometr&#xED;a de series del tiempo</subfield>
  </datafield>
  <datafield tag="519" ind1=" " ind2=" ">
    <subfield code="a">Plan Flexible / </subfield>
    <subfield code="b">Inform&#xE1;tica / </subfield>
    <subfield code="c">Macroeconom&#xED;a (B05-2) / </subfield>
    <subfield code="d">(13 004286) </subfield>
  </datafield>
  <datafield tag="519" ind1=" " ind2=" ">
    <subfield code="a">Plan Flexible / </subfield>
    <subfield code="b">Inform&#xE1;tica / </subfield>
    <subfield code="c">Macroeconomia (B05-2) / </subfield>
    <subfield code="d">(03 007364) </subfield>
  </datafield>
  <datafield tag="519" ind1=" " ind2=" ">
    <subfield code="a">Educaci&#xF3;n Mixta /</subfield>
    <subfield code="b">Inform&#xE1;tica</subfield>
    <subfield code="c">Macroeconom&#xED;a (B05 -) /</subfield>
    <subfield code="d">(12 004084)</subfield>
  </datafield>
  <datafield tag="519" ind1=" " ind2=" ">
    <subfield code="a">Plan Flexible /</subfield>
    <subfield code="b">Inform&#xE1;tica</subfield>
    <subfield code="c">Macroeconom&#xED;a (B05-) /</subfield>
    <subfield code="d">(12 001987)</subfield>
  </datafield>
  <datafield tag="519" ind1=" " ind2=" ">
    <subfield code="a">Educaci&#xF3;n Mixta / </subfield>
    <subfield code="b">Inform&#xE1;tica / </subfield>
    <subfield code="c">Macroeconom&#xED;a (B05-2) / </subfield>
    <subfield code="d">(18 001704)</subfield>
  </datafield>
  <datafield tag="519" ind1=" " ind2=" ">
    <subfield code="a">Educaci&#xF3;n Mixta /</subfield>
    <subfield code="b">Contadur&#xED;a / </subfield>
    <subfield code="c">Econom&#xED;a (B03) / </subfield>
    <subfield code="d">(22 000153) </subfield>
  </datafield>
  <datafield tag="519" ind1=" " ind2=" ">
    <subfield code="a">Educaci&#xF3;n Mixta /</subfield>
    <subfield code="b">Administraci&#xF3;n / </subfield>
    <subfield code="c">Econom&#xED;a (B03) / </subfield>
    <subfield code="d">(22 000424) </subfield>
  </datafield>
  <datafield tag="519" ind1=" " ind2=" ">
    <subfield code="a">Educaci&#xF3;n Mixta /</subfield>
    <subfield code="b">Inform&#xE1;tica</subfield>
    <subfield code="c">(B05-) /</subfield>
    <subfield code="d">(14 005830)</subfield>
  </datafield>
  <datafield tag="519" ind1=" " ind2=" ">
    <subfield code="a">Plan Flexible /</subfield>
    <subfield code="b">Inform&#xE1;tica</subfield>
    <subfield code="c">Macroeconomia (B05-2) /</subfield>
    <subfield code="d">(04 004700)</subfield>
  </datafield>
  <datafield tag="519" ind1=" " ind2=" ">
    <subfield code="a">Educaci&#xF3;n Mixta /</subfield>
    <subfield code="b">Inform&#xE1;tica</subfield>
    <subfield code="c">Macroeconomia (B05-2) /</subfield>
    <subfield code="d">(04 004956)
</subfield>
  </datafield>
  <datafield tag="650" ind1="1" ind2="0">
    <subfield code="a">ECONOMETR&#xCD;A</subfield>
  </datafield>
  <datafield tag="700" ind1=" " ind2=" ">
    <subfield code="a">Porter, Dawn N.</subfield>
    <subfield code="e">autor</subfield>
  </datafield>
  <datafield tag="700" ind1=" " ind2=" ">
    <subfield code="a">Carril Villareal, Pilar</subfield>
    <subfield code="e">traductor</subfield>
  </datafield>
  <datafield tag="942" ind1=" " ind2=" ">
    <subfield code="c">LB</subfield>
  </datafield>
</record>
